000 00517nam a2200193Ia 4500
003 GCL
008 140319s9999 xx 000 0 eng d
040 _aGCL /
_cGCL
082 0 4 _aCH
_b621.381536
_bH K
100 1 _aHINDLEY, JUDY
245 1 0 _aTHE KNOW HOW BOOK OF DETECTION /
_cHINDLEY, JUDY
700 1 _aRUMBELOW, DONALD
260 _a[S.N] :
_bUSBORNE PUBLISHING LTD ،
_c1990
300 _a32 P
650 0 4 _aالتحليل الرياضى
650 0 4 _aCHILDREN
650 0 4 _aDETECTION
942 _2ddc
_cBK
999 _c15060
_d15060